header

Sigmund Freud (Record no. 55511)

MARC details
000 -LEADER
fixed length control field 01354nam a2200373Ia 4500
082 04 - DEWEY DECIMAL CLASSIFICATION NUMBER
Classification number 150.1952
100 1# - MAIN ENTRY--AUTHOR NAME
Personal name Jacobs, Michael,
245 10 - TITLE STATEMENT
Title Sigmund Freud
250 ## - EDITION STATEMENT
Edition statement 2nd ed.
260 ## - PUBLICATION, DISTRIBUTION, ETC. (IMPRINT)
Place of publication London :
Name of publisher SAGE,
Year of publication 2003.
300 ## - PHYSICAL DESCRIPTION
Number of Pages vii, 168 p.
490 1# - SERIES STATEMENT
Series statement Key figures in counselling and psychotherapy
650 #0 - SUBJECT ADDED ENTRY--TOPICAL TERM
Topical Term Counseling
Topical Term Psychotherapy
856 40 - ELECTRONIC LOCATION AND ACCESS
Uniform Resource Identifier http://site.ebrary.com/lib/rucke/Doc?id=10080858

No items available.

© 2026 Rongo University
Contact us: librarian | system librarian | Rongo university